Buriny pri minimalizačných technológiách v podmienkach VSN

Bibliographic Details
Main Author: Tóth, Štefan (Author)
Other Authors: Zubal, Pavel (Reviewer)
Format: Article
Language:Slovak
PhysicalDescription:Fotogr.
ISSN:1335-2466
Subjects:

MARC

LEADER 00000nab a2200000 a 4500
001 vtls008161182
003 SK-MaSNL
005 20260304135101.0
008 250505c2005 xo mr|p|||||||000 b|slo
015 |a SNBRB2005/06  |2 snkbucl 
035 |a (uuid)8a248f36-0347-4281-b7d4-0e73b926234e 
035 |a urn:nbn:sk:snk-abv8i 
035 |a (urnnbn)urn:nbn:sk:snk:ar-a04fgk 
038 |a SNKBUCL 
040 |a SNKBUCL  |b slo  |c SNKBUCL  |e AACR2 
041 0 |a slo 
044 |a xo  |c SK 
080 |a 632.51:631.5  |x (437.6)  |2 1997 
080 |a 631.5  |x (437.6)  |2 1997 
100 1 |a Tóth, Štefan  |4 aut  |9 316589 
245 1 0 |a Buriny pri minimalizačných technológiách v podmienkach VSN  |c Štefan Tóth ; recenzoval P. Zubal 
300 |b Fotogr. 
650 0 7 |a poľné plodiny  |2 snkbucl  |9 67137 
650 0 7 |a buriny  |2 snkbucl  |9 15855 
650 0 7 |a technológia  |2 snkbucl  |9 66619 
651 7 |a Východoslovenská nížina (Slovensko)  |2 snkbucl  |9 19595 
700 1 |a Zubal, Pavel  |4 rev  |9 5384 
773 0 |t Naše pole  |g Roč. 9, č. 3 (2005), s. 42 a 44  |x 1335-2466 
850 |a Slovenská národná knižnica 
852 |a Slovenská národná knižnica 
954 |a odborná, vedecká literatúra pôvodná (slovenská)  |2 lita 
958 |a article27 
958 |a OND 
958 |a EUIPO 
999 |c 2909354  |d 2911284